000 01190naa a22003377a 4500
001 BR8700500
003 BR-BrBNA
005 20240918175730.0
007 ta
008 230509b bl.||||| |||| 00| 0 por d
040 _aBR-BrBNA
_bpor
_cBiblioteca Nacional de Agricultura
041 _a(Pt)
072 _aF61; P35
_b2120
_b3830
_bGZ74
090 _aF61 BR8700500
100 1 _aGarcia, A.W.R.
100 1 _aMatiello, J.B.
100 1 _aFreire, A.C.F.
100 1 _aSalgado, P.R.
111 1 _a10. Congresso Brasileiro de Pesquisas Cafeeiras
_cPocos de Caldas, MG (Brazil)
_d29 Aug 1983
245 1 _aNiveis de fosforo (P2O5)no plantio do cafeeiro em solo de cerrado
260 3 _aRio de Janeiro, RJ (Brasil):
_c1983.
500 _aAnais do 10. Congresso Brasileiro de Pesquisas Cafeeiras Rio de Janeiro, RJ (Brasil): 1983. p. 183-184 (BR8700500-AM)F61
650 _aFOSFORO
650 _aNUTRICAO VEGETAL
650 _aCAFE
650 _aADUBACAO
650 _aCERRADO
773 0 _tAnais do 10. Congresso Brasileiro de Pesquisas Cafeeiras
_wF61 BR8700500
_gRio de Janeiro, RJ (Brasil), 1983. p. 183-184
909 _a202404
_bLucia
_c55
_dLucia Elande
942 _cAM
_2AGRIS
999 _c317942
_d317942